000 00540nam a22001697a 4500
005 20251108175124.0
008 250721s2005 xx 000 0 ara d
082 1 4 _a792/بهن
100 1 _aالبهنساوي، فردوس عبد الحميد
245 1 0 _aفي المسرح الحديث و دراسات أخرى /
264 1 _aالقاهرة :
_bمكتبة الأنجلو المصرية،
_c2005.
300 _a239ص.
650 1 7 _aالمسرح
700 1 _aعناني، محمد
_eمقدم
942 _2ddc
_cBK
999 _c126662
_d126662